ბათუმის შოთა რუსთაველის სახელმწიფო უნივერსიტეტის ბიბლიოთეკა

Marks' Essentials of Medical Biochemistry / (ბიბ.ჩანაწერი № 61681)

000 -LEADER
fixed length control field 00779nam a22002057a 4500
005 - DATE AND TIME OF LATEST TRANSACTION
control field 20240416154200.0
008 - FIXED-LENGTH DATA ELEMENTS--GENERAL INFORMATION
fixed length control field 240416s2007 enk||||| |||| 00| 0 eng d
020 ## - INTERNATIONAL STANDARD BOOK NUMBER
International Standard Book Number 9780781793407x
041 ## - LANGUAGE CODE
Language code of text/sound track or separate title eng
080 ## - UNIVERSAL DECIMAL CLASSIFICATION NUMBER
Universal Decimal Classification number 577.1 L-69
100 ## - MAIN ENTRY--PERSONAL NAME
Personal name Lieberman, Michael
9 (RLIN) 21816
245 ## - TITLE STATEMENT
Title Marks' Essentials of Medical Biochemistry /
Statement of responsibility, etc. Michael Lieberman, Allan D. Marks, Colleen Smith.
264 ## - PRODUCTION, PUBLICATION, DISTRIBUTION, MANUFACTURE, AND COPYRIGHT NOTICE
Place of production, publication, distribution, manufacture Philadelphia :
Name of producer, publisher, distributor, manufacturer Lippincott Williams & Wilkins,
Date of production, publication, distribution, manufacture, or copyright notice 2007.
300 ## - PHYSICAL DESCRIPTION
Extent 566 p.:
Other physical details ill.;
Dimensions 28 cm.
653 ## - INDEX TERM--UNCONTROLLED
keyword სამედიცინო ბიოქიმიის საფუძვლები
653 ## - INDEX TERM--UNCONTROLLED
keyword მედიცინა
700 ## - ADDED ENTRY--PERSONAL NAME
Personal name Marks, Allan D.
Relator term ავტორი
9 (RLIN) 21817
700 ## - ADDED ENTRY--PERSONAL NAME
Personal name Smith, Colleen
Relator term ავტორი
9 (RLIN) 21818
942 ## - ADDED ENTRY ELEMENTS (KOHA)
Source of classification or shelving scheme
Koha item type წიგნი
ეგზემპლარები
Withdrawn status Lost status Source of classification or shelving scheme Damaged status Not for loan Permanent Location Current Location Shelving location Date acquired Cost, normal purchase price Full call number Barcode Date last seen Copy number Price effective from Koha item type Public note
          ბათუმის შოთა რუსთაველის სახელმწიფო უნივერსიტეტის მთავარი ბიბლიოთეკა ბათუმის შოთა რუსთაველის სახელმწიფო უნივერსიტეტის მთავარი ბიბლიოთეკა წიგნსაცავი 2024-04-16 97.00 577.1 L-69 67841 2024-04-16 67841 2024-04-16 წიგნი 97 ლ.